[Event "1st  Behin Bazafarin Alborz Internationa"]
[Site "Tehran"]
[Date "2014.03.07"]
[Round "3.2"]
[White "Ghaziolsharif, Kaveh"]
[Black "Darini, Pouria"]
[Result "1/2-1/2"]
[WhiteElo "2167"]
[BlackElo "2510"]
[PlyCount "89"]
[EventDate "2014.03.06"]

1. Nf3 Nf6 2. g3 g6 3. Bg2 Bg7 4. O-O O-O 5. d3 d5 6. c3 c5 7. Nbd2 Nc6 8. e4
Bg4 9. h3 Bxf3 10. Qxf3 e6 11. Qe2 b5 12. Nf3 c4 13. exd5 exd5 14. Bg5 Qb6 15.
Rfe1 Rad8 16. Bxf6 Bxf6 17. d4 b4 18. Nh2 h5 19. Nf1 Qa5 20. Qc2 h4 21. g4 Bg5
22. Ne3 Rd6 23. Rf1 Bh6 24. Rae1 Bg7 25. Kh1 Rfd8 26. a4 bxa3 27. bxa3 Rb8 28.
Rb1 Re8 29. Qc1 Bf8 30. a4 a6 31. f4 Qd8 32. g5 Bg7 33. Ng4 Re2 34. Bf3 Ra2 35.
Rb7 Na5 36. Qb1 Nxb7 37. Qxa2 Rb6 38. Qf2 Rb3 39. Qxh4 Rxc3 40. f5 gxf5 41.
Nf6+ Kf8 42. Re1 Rxf3 43. Nh7+ Kg8 44. Nf6+ Kf8 45. Nh7+ 1/2-1/2

[Event "1st  Behin Bazafarin Alborz Internationa"]
[Site "Tehran"]
[Date "2014.03.07"]
[Round "3.3"]
[White "Golizadeh, Asghar"]
[Black "Sakhayi, Mostafa"]
[Result "1-0"]
[WhiteElo "2508"]
[BlackElo "2152"]
[PlyCount "135"]
[EventDate "2014.03.06"]

1. e4 c5 2. Nc3 d6 3. Nf3 Nf6 4. d4 cxd4 5. Nxd4 a6 6. Be2 e5 7. Nb3 Be7 8. Be3
Be6 9. O-O Nbd7 10. a4 Rc8 11. a5 Rxc3 12. bxc3 Nxe4 13. Qd3 f5 14. f3 Nef6 15.
c4 O-O 16. Rfb1 Qc7 17. Kh1 Rc8 18. Nd2 Qc6 19. Qb3 Rc7 20. Qa4 Qxa4 21. Rxa4
Nb8 22. f4 Nc6 23. Bf3 e4 24. Be2 Nd7 25. Nb3 Nc5 26. Ra2 Bc8 27. Nd4 Kf7 28.
c3 g6 29. Kg1 Bd7 30. h3 Rc8 31. Nc2 Rb8 32. Nb4 Rd8 33. Nd5 Bc8 34. Kf2 Bf6
35. Rd1 Bh4+ 36. g3 Be7 37. Nb4 Bd7 38. Nd5 Bc8 39. h4 h5 40. Nb4 Bd7 41. Rb1
Bf6 42. Nd5 Bc8 43. Rd1 Be7 44. Bd4 Be6 45. Ke3 Rb8 46. Rb1 Bd8 47. Nb4 Nxa5
48. Rxa5 Bxa5 49. Nc6 bxc6 50. Rxb8 Bc7 51. Ra8 Bb6 52. Kf2 a5 53. Ke1 Nd3+ 54.
Bxd3 Bxd4 55. cxd4 exd3 56. c5 dxc5 57. dxc5 Bc4 58. Rxa5 Ke6 59. Ra7 Kd5 60.
Rg7 Kxc5 61. Rxg6 Bd5 62. Rg5 Kd4 63. Rxf5 c5 64. Rxh5 c4 65. Rxd5+ Kxd5 66. h5
Kd4 67. h6 Kc3 68. Kd1 1-0

[Event "1st  Behin Bazafarin Alborz Internationa"]
[Site "Tehran"]
[Date "2014.03.07"]
[Round "3.4"]
[White "Khatibi, Meysam"]
[Black "Bajarani, Ulvi"]
[Result "0-1"]
[WhiteElo "2166"]
[BlackElo "2492"]
[PlyCount "84"]
[EventDate "2014.03.06"]

1. e4 e6 2. d4 d5 3. exd5 exd5 4. Bd3 c5 5. Nf3 Nf6 6. O-O Be7 7. c3 O-O 8.
dxc5 Bxc5 9. Nbd2 Nc6 10. Nb3 Bb6 11. Bg5 h6 12. Bh4 Bg4 13. Re1 g5 14. Bg3 Ne4
15. c4 Nxg3 16. hxg3 dxc4 17. Bxc4 Qf6 18. Qe2 Kg7 19. Qe4 Bxf3 20. Qxf3 Qxb2
21. Bd5 Rac8 22. Re2 Qf6 23. Qg4 h5 24. Qa4 Rfd8 25. Bf3 g4 26. Bxc6 Rxc6 27.
Rf1 Rc3 28. Qb5 Rxg3 29. Qxh5 Rh8 30. Qe5 Rc3 31. Rd1 Qxe5 32. Rxe5 g3 33. Kf1
gxf2 34. Ke2 Rc2+ 35. Rd2 Rh1 36. Rf5 Re1+ 37. Kd3 Rxd2+ 38. Nxd2 Ra1 39. a4
Rxa4 40. Ne4 Ra1 41. Nd2 Ba5 42. Rg5+ Kf8 0-1

[Event "1st  Behin Bazafarin Alborz Internationa"]
[Site "Tehran"]
[Date "2014.03.07"]
[Round "3.5"]
[White "Razaghi, Behrooz"]
[Black "Benidze, Davit"]
[Result "1/2-1/2"]
[WhiteElo "2154"]
[BlackElo "2479"]
[PlyCount "131"]
[EventDate "2014.03.06"]

1. e4 c6 2. d4 g6 3. Nc3 Bg7 4. Be3 Qb6 5. a3 d6 6. Nf3 Nf6 7. h3 O-O 8. Be2
Qc7 9. Qd2 Nbd7 10. O-O b5 11. Rfe1 a6 12. Bg5 Rd8 13. Qe3 Nb6 14. Rad1 Bb7 15.
Nd2 a5 16. Qg3 Rac8 17. Qh4 Nbd7 18. Nf3 b4 19. axb4 axb4 20. Nb1 c5 21. d5 c4
22. c3 Nc5 23. Bf1 Na4 24. Rd2 Qa5 25. Rc1 Re8 26. Nd4 Nc5 27. f3 Nfd7 28. cxb4
Qxb4 29. Rxc4 Qb6 30. Qf2 Ba6 31. Rc3 Bxf1 32. Kxf1 Qa6+ 33. Kg1 Qa1 34. Rd1
Rb8 35. Ra3 Qxb2 36. Qxb2 Rxb2 37. Nc6 Bf6 38. Bxf6 exf6 39. Nd2 Nb6 40. Raa1
f5 41. Rab1 Rxb1 42. Rxb1 Ncd7 43. Ra1 fxe4 44. fxe4 Nf6 45. Ra6 Nbd7 46. Na5
Nc5 47. Rxd6 Ncxe4 48. Nxe4 Nxe4 49. Rb6 Rd8 50. Nc6 Rd7 51. Nb4 Nc3 52. Rc6
Nxd5 53. Nxd5 Rxd5 54. Rc2 Rd4 55. Kf2 h5 56. Ke3 Ra4 57. Rb2 Kg7 58. Kf3 Kh6
59. Rc2 Kg5 60. Kg3 f5 61. Rc6 Ra3+ 62. Kf2 Ra5 63. h4+ Kh6 64. Rc7 Ra3 65. Rb7
Ra4 66. Kg3 1/2-1/2

[Event "1st  Behin Bazafarin Alborz Internationa"]
[Site "Tehran"]
[Date "2014.03.07"]
[Round "3.6"]
[White "Doostkam, P."]
[Black "Sharbaf, Mohsen"]
[Result "0-1"]
[WhiteElo "2151"]
[BlackElo "2434"]
[PlyCount "54"]
[EventDate "2014.03.06"]

1. c4 g6 2. d4 Bg7 3. e4 c6 4. Nc3 d5 5. cxd5 cxd5 6. exd5 Nf6 7. Bb5+ Nbd7 8.
d6 exd6 9. Qe2+ Kf8 10. Nf3 h6 11. O-O Nb6 12. Bf4 Kg8 13. Rfe1 Kh7 14. Rad1
Nfd5 15. Bc1 Nxc3 16. bxc3 Be6 17. h4 Bg4 18. Qe4 Qc8 19. Ba3 a6 20. Bf1 Qd7
21. c4 d5 22. cxd5 Rhe8 23. Ne5 Bxd1 24. Rxd1 Qa4 25. Qf3 f6 26. Nd3 Qxa3 27.
h5 Qd6 0-1

[Event "1st  Behin Bazafarin Alborz Internationa"]
[Site "Tehran"]
[Date "2014.03.07"]
[Round "3.7"]
[White "Mahjoob, Morteza"]
[Black "Asadi, Ali"]
[Result "1-0"]
[WhiteElo "2413"]
[BlackElo "2116"]
[PlyCount "57"]
[EventDate "2014.03.06"]

1. e4 e6 2. d4 d5 3. Nd2 dxe4 4. Nxe4 Nf6 5. Nxf6+ gxf6 6. Be2 c5 7. Nf3 Nc6 8.
Be3 Qb6 9. O-O Bd7 10. c3 Be7 11. a4 cxd4 12. Nxd4 Nxd4 13. Bxd4 Qc7 14. Bb5
Rd8 15. Qf3 a6 16. Bxf6 Rg8 17. Bxd7+ Rxd7 18. Rfd1 Bxf6 19. Qxf6 Qd8 20. Qf3
Rg5 21. g3 Rgd5 22. Re1 Qb6 23. Re2 h5 24. Rae1 h4 25. Qf6 R7d6 26. Qxh4 Rd1
27. Rxe6+ fxe6 28. Qh5+ Ke7 29. Rxd1 1-0

[Event "1st  Behin Bazafarin Alborz Internationa"]
[Site "Tehran"]
[Date "2014.03.07"]
[Round "3.8"]
[White "Noroozi, Omid"]
[Black "Bakhtiari Kish, Mazdak"]
[Result "1-0"]
[WhiteElo "2382"]
[BlackElo "2108"]
[PlyCount "92"]
[EventDate "2014.03.06"]

1. c4 Nf6 2. Nc3 g6 3. e4 d6 4. d4 Bg7 5. Be2 O-O 6. Bg5 c5 7. dxc5 Qa5 8. Bd2
Qxc5 9. Nf3 Bg4 10. Be3 Qa5 11. O-O Nc6 12. a3 Bxf3 13. Bxf3 Rfc8 14. Be2 Nd7
15. Rc1 Nf8 16. Bg4 Re8 17. Qb3 h5 18. Bh3 g5 19. Qxb7 Nd4 20. Rcd1 Rab8 21.
Qd5 Qxd5 22. cxd5 Nc2 23. Bxg5 Rxb2 24. Ne2 Nxa3 25. Ng3 h4 26. Bxh4 Ng6 27.
Bg5 a5 28. Nf5 Be5 29. f4 Bc3 30. Rd3 Bb4 31. Rg3 Bc5+ 32. Kh1 Kh7 33. Bg4 f6
34. Rh3+ Kg8 35. Bh5 Reb8 36. Bxg6 Rb1 37. Rhf3 fxg5 38. Nxe7+ Kg7 39. fxg5
Rxf1+ 40. Rxf1 Rb1 41. Rxb1 Nxb1 42. e5 dxe5 43. Bxb1 Bxe7 44. h4 Bc5 45. Kh2
a4 46. Kg3 a3 1-0

[Event "1st  Behin Bazafarin Alborz Internationa"]
[Site "Tehran"]
[Date "2014.03.07"]
[Round "3.9"]
[White "Amini, Amer"]
[Black "Ahmadinia, Ebrahim"]
[Result "0-1"]
[WhiteElo "2124"]
[BlackElo "2373"]
[PlyCount "66"]
[EventDate "2014.03.06"]

1. c4 g6 2. Nc3 Bg7 3. g3 Nf6 4. Bg2 O-O 5. Nf3 d6 6. d4 Nbd7 7. O-O e5 8. e4
a6 9. h3 exd4 10. Nxd4 Re8 11. Re1 Rb8 12. Be3 c5 13. Nde2 Ne5 14. b3 b5 15. f4
Ned7 16. cxb5 axb5 17. Qc2 b4 18. Na4 Nxe4 19. Rad1 Bb7 20. Kh2 Bc6 21. Bg1 Qc7
22. Nd4 Bxd4 23. Bxd4 Nef6 24. Ba1 Bxg2 25. Qxg2 d5 26. Be5 Nxe5 27. fxe5 Rxe5
28. Rxe5 Qxe5 29. Nxc5 h5 30. Rf1 h4 31. Qf2 hxg3+ 32. Qxg3 Qxg3+ 33. Kxg3 Ne4+
0-1

[Event "1st  Behin Bazafarin Alborz Internationa"]
[Site "Tehran"]
[Date "2014.03.07"]
[Round "3.10"]
[White "Maleki, Amir"]
[Black "Ardeshi, Mehrdad"]
[Result "1-0"]
[WhiteElo "2113"]
[BlackElo "2344"]
[PlyCount "75"]
[EventDate "2014.03.06"]

1. e4 g6 2. d4 Bg7 3. Nc3 c6 4. Bc4 d5 5. exd5 b5 6. Bb3 b4 7. Nce2 cxd5 8. Nf3
Nf6 9. a3 bxa3 10. Rxa3 O-O 11. Ne5 Bb7 12. O-O Nbd7 13. Nf4 e6 14. Nfd3 Nxe5
15. Nxe5 Ne4 16. Bd2 Qd6 17. Re1 Rfc8 18. Ba5 Qe7 19. Qd3 Nd6 20. Bb4 Qc7 21.
Ba5 Qe7 22. Bb4 Qd8 23. Qf3 Bxe5 24. dxe5 Nc4 25. Bxc4 Rxc4 26. Qb3 Qg5 27. Bd6
Bc6 28. Rxa7 Re8 29. Qf3 Rf4 30. Qc3 Bb5 31. Qc5 Re4 32. Rea1 Rg4 33. Qxb5
Rxg2+ 34. Kh1 Rc8 35. Ra8 Rxh2+ 36. Kxh2 Qh4+ 37. Kg2 Qg4+ 38. Kf1 1-0

[Event "1st  Behin Bazafarin Alborz Internationa"]
[Site "Tehran"]
[Date "2014.03.07"]
[Round "3.11"]
[White "Khaghani, Babak"]
[Black "Tavakolian, M."]
[Result "1-0"]
[WhiteElo "2344"]
[BlackElo "2101"]
[PlyCount "73"]
[EventDate "2014.03.06"]

1. d4 Nf6 2. c4 e6 3. Nc3 Bb4 4. Qc2 c5 5. dxc5 Na6 6. a3 Bxc3+ 7. Qxc3 Nxc5 8.
f3 d5 9. cxd5 Qxd5 10. e4 Qh5 11. Be3 Ncd7 12. g4 Qg6 13. Ne2 e5 14. Ng3 O-O
15. Nf5 Re8 16. Qb4 h6 17. h4 Nf8 18. Ne7+ Rxe7 19. Qxe7 Nxe4 20. Bd3 Qf6 21.
Qxf6 Nxf6 22. O-O-O e4 23. Bxe4 Nxe4 24. fxe4 Bxg4 25. Rd6 Rc8+ 26. Kd2 Kh7 27.
Bxa7 Ng6 28. Bd4 h5 29. Rc1 Nxh4 30. Rxc8 Bxc8 31. Ke3 f5 32. e5 g5 33. e6 Ng6
34. Rd7+ Kh6 35. Bg7+ Kh7 36. Bf8+ Kh8 37. Bd6 1-0

[Event "1st  Behin Bazafarin Alborz Internationa"]
[Site "Tehran"]
[Date "2014.03.07"]
[Round "3.12"]
[White "Gadimbayli, Abdulla"]
[Black "Asgarizadeh, Ahmad"]
[Result "1/2-1/2"]
[WhiteElo "2094"]
[BlackElo "2309"]
[PlyCount "115"]
[EventDate "2014.03.06"]

1. e4 e5 2. Nf3 Nc6 3. Bc4 Bc5 4. c3 Nf6 5. d3 O-O 6. O-O d6 7. h3 a6 8. Bb3 h6
9. Bc2 Re8 10. Re1 d5 11. exd5 Nxd5 12. Nbd2 Bf5 13. Ne4 Ba7 14. Ng3 Be6 15.
Bd2 Qd6 16. Qc1 Bd7 17. Bb3 Be6 18. Ne4 Qd7 19. c4 Ndb4 20. Bxb4 Nxb4 21. Nxe5
Qd4 22. Qc3 f5 23. Qxd4 Bxd4 24. Nc3 Bxe5 25. Rxe5 Nxd3 26. Re2 Bf7 27. Rd2 Ne5
28. Nd5 Rad8 29. Rad1 Bxd5 30. Rxd5 Rxd5 31. cxd5 Kf8 32. d6 c6 33. f3 Nd7 34.
Kf2 g6 35. g3 Kg7 36. Rd2 Kf6 37. h4 Ne5 38. Rd1 Rd8 39. Rd2 Nf7 40. d7 Ne5 41.
Rd6+ Kg7 42. Ke3 Rxd7 43. Rxd7+ Nxd7 44. Be6 Nb6 45. Kd4 Kf6 46. Kc5 Na4+ 47.
Kd6 Nxb2 48. Bc8 Na4 49. Bxb7 Nc3 50. Bxa6 Nxa2 51. Bc4 Nb4 52. f4 g5 53. hxg5+
hxg5 54. Kc5 Nc2 55. fxg5+ Kxg5 56. Bd3 Ne3 57. Bxf5 Nxf5 58. Kxc6 1/2-1/2

[Event "1st  Behin Bazafarin Alborz Internationa"]
[Site "Tehran"]
[Date "2014.03.07"]
[Round "3.13"]
[White "Khorshidi, Mohammadreza"]
[Black "Ghorbani, Mohsen"]
[Result "0-1"]
[WhiteElo "2090"]
[BlackElo "2300"]
[PlyCount "134"]
[EventDate "2014.03.06"]

1. e4 c6 2. d4 d6 3. f4 g6 4. Nf3 Bg7 5. Bd3 d5 6. c3 dxe4 7. Bxe4 Nf6 8. Bc2
O-O 9. O-O Bf5 10. Bb3 Na6 11. Re1 Nc7 12. Nbd2 Ncd5 13. Nc4 Qc7 14. Nce5 Rad8
15. Qe2 Bc8 16. c4 Nb6 17. Bd2 Ng4 18. Bc3 Nxe5 19. fxe5 Bg4 20. h3 Bxf3 21.
Qxf3 e6 22. Bb4 Rxd4 23. Bxf8 Bxf8 24. Kh1 c5 25. Rad1 Rxd1 26. Rxd1 Bg7 27.
Qd3 Bxe5 28. Qd8+ Qxd8 29. Rxd8+ Kg7 30. Kg1 Kf6 31. Kf1 Ke7 32. Rd2 h5 33. a3
a5 34. Rc2 h4 35. Rd2 Bd4 36. Ke2 e5 37. Kd3 f5 38. Kc2 Nd7 39. Kb1 Nf8 40. Bd1
Ne6 41. Ka2 Kd6 42. Kb3 Kc7 43. Ka4 b6 44. Be2 Nf4 45. Bf1 Nh5 46. Rc2 e4 47.
b4 axb4 48. axb4 Nf4 49. bxc5 Bxc5 50. Kb3 Kd6 51. Kc3 Ke5 52. Rd2 g5 53. Rd8
Nh5 54. Kd2 Ng3 55. Be2 Kf4 56. Rd5 Bb4+ 57. Kd1 Ke3 58. Rb5 Bc5 59. Ke1 Kd4
60. Rb1 f4 61. Rc1 Nf5 62. Rd1+ Ke3 63. Rd5 Ng3 64. Bg4 f3 65. gxf3 exf3 66.
Bxf3 Kxf3 67. Rxg5 Kg2 0-1

[Event "1st  Behin Bazafarin Alborz Internationa"]
[Site "Tehran"]
[Date "2014.03.07"]
[Round "3.14"]
[White "Bagheri, Maziar"]
[Black "Khademi, Mohammad Miran"]
[Result "0-1"]
[WhiteElo "2088"]
[BlackElo "2281"]
[PlyCount "68"]
[EventDate "2014.03.06"]

1. Nf3 d6 2. d4 c6 3. c4 f5 4. Nc3 Nf6 5. g3 Qc7 6. Bg2 e5 7. c5 e4 8. cxd6
Bxd6 9. Ne5 Bxe5 10. dxe5 Qxe5 11. Bf4 Qe6 12. Qd4 Nbd7 13. Bd6 Kf7 14. O-O Nd5
15. Ba3 Qe5 16. Qc4 N7b6 17. Qc5 Be6 18. f4 Qc7 19. g4 g6 20. Bxe4 Nxc3 21.
Qxc3 fxe4 22. f5 gxf5 23. Rxf5+ Bxf5 24. Rf1 Rag8 25. Rxf5+ Ke8 26. Kh1 Kd8 27.
Bc5 Kc8 28. Bd4 Qd8 29. h3 Nd5 30. Qc5 Qh4 31. Rxd5 Qxh3+ 32. Kg1 Rxg4+ 33. Kf2
Qh2+ 34. Ke1 Qh1+ 0-1

[Event "1st  Behin Bazafarin Alborz Internationa"]
[Site "Tehran"]
[Date "2014.03.07"]
[Round "3.15"]
[White "Asgari, Morteza"]
[Black "Sheikhi Narani, Saeid"]
[Result "1-0"]
[WhiteElo "2279"]
[BlackElo "2086"]
[PlyCount "73"]
[EventDate "2014.03.06"]

1. e4 c5 2. Nf3 Nc6 3. d4 cxd4 4. Nxd4 Nf6 5. Nc3 e5 6. Ndb5 d6 7. Bg5 a6 8.
Na3 b5 9. Nd5 Be7 10. Bxf6 Bxf6 11. c4 b4 12. Nc2 a5 13. Qf3 Bg5 14. h4 Bh6 15.
g4 Bf4 16. Nxf4 exf4 17. Qxf4 O-O 18. Be2 Ne5 19. Ne3 Be6 20. h5 Rc8 21. b3 f6
22. Qg3 Qb6 23. Rd1 Qb7 24. f4 Qxe4 25. Kf2 Qc6 26. fxe5 fxe5+ 27. Kg1 Rf4 28.
Kh2 Rcf8 29. Rhf1 Qe4 30. Bd3 Qa8 31. Nf5 g6 32. Rxf4 exf4 33. Qxf4 gxf5 34.
gxf5 Bc8 35. Be4 Bb7 36. Rg1+ Kf7 37. Qh6 1-0

[Event "1st  Behin Bazafarin Alborz Internationa"]
[Site "Tehran"]
[Date "2014.03.08"]
[Round "4.1"]
[White "Hosseinipour, Mehdi"]
[Black "Rasulov, Vugar"]
[Result "1/2-1/2"]
[WhiteElo "2277"]
[BlackElo "2521"]
[PlyCount "66"]
[EventDate "2014.03.06"]

1. e4 e5 2. Nf3 Nc6 3. Bc4 Bc5 4. d3 Nf6 5. c3 O-O 6. Bb3 a6 7. O-O Ba7 8. h3
d6 9. Re1 h6 10. Nbd2 Be6 11. Nf1 Re8 12. Be3 Qd7 13. Bxa7 Rxa7 14. Ng3 Bxb3
15. Qxb3 a5 16. a4 Ra6 17. Nd2 d5 18. exd5 Nxd5 19. Nc4 Raa8 20. Qb5 b6 21.
Rad1 Rad8 22. Rd2 Re6 23. Kh2 Qe8 24. Nf5 Kh7 25. g3 Nf6 26. Nfe3 g6 27. Ng4
Nxg4+ 28. hxg4 Qe7 29. Kg2 Na7 30. Qb3 Nc6 31. Qb5 Qf6 32. Re3 Kg7 33. Rde2
Rde8 1/2-1/2

[Event "1st  Behin Bazafarin Alborz Internationa"]
[Site "Tehran"]
[Date "2014.03.08"]
[Round "4.2"]
[White "Lorparizangeneh, Shahin"]
[Black "Golizadeh, Asghar"]
[Result "0-1"]
[WhiteElo "2246"]
[BlackElo "2508"]
[PlyCount "124"]
[EventDate "2014.03.06"]

1. d4 g6 2. e4 Bg7 3. Nc3 d6 4. Be3 a6 5. f4 e6 6. Nf3 Ne7 7. Bd3 Nd7 8. e5 b5
9. a4 b4 10. Ne4 Bb7 11. Qd2 O-O 12. O-O Nd5 13. Bf2 f5 14. exf6 N7xf6 15. Neg5
Qd7 16. Rae1 Rae8 17. c4 bxc3 18. bxc3 Nh5 19. g3 Re7 20. a5 Ndf6 21. Qe2 h6
22. Ne4 Qc6 23. Nh4 Nxe4 24. Bxe4 Qxe4 25. Qxe4 Bxe4 26. Rxe4 Kf7 27. Rb1 g5
28. fxg5 hxg5 29. Nf3 Kg6 30. Kg2 Rf5 31. h4 Nf6 32. Re2 Bh6 33. hxg5 Bxg5 34.
Be3 Bxe3 35. Nh4+ Kg5 36. Rxe3 Rxa5 37. Nf3+ Kg6 38. Nh4+ Kg5 39. Nf3+ Kg6 40.
Nh4+ Kg7 41. Rf1 Re8 42. Ref3 Rf8 43. Re1 Ra2+ 44. Kh3 Nh7 45. Kg4 Rxf3 46.
Nxf3 Nf6+ 47. Kh3 Rc2 48. Ng5 Rxc3 49. Nxe6+ Kf7 50. Nd8+ Kg6 51. Ra1 Ne4 52.
Rxa6 Rxg3+ 53. Kh2 Rc3 54. Ra5 Kf6 55. Rh5 Ng5 56. Kg2 Rc4 57. Kf2 Rc3 58. Ke2
Nf3 59. d5 Ng5 60. Rh1 Rc5 61. Rd1 Ke7 62. Nc6+ Kd7 0-1

[Event "1st  Behin Bazafarin Alborz Internationa"]
[Site "Tehran"]
[Date "2014.03.08"]
[Round "4.3"]
[White "Bajarani, Ulvi"]
[Black "Hakimifard, Ghazal"]
[Result "1-0"]
[WhiteElo "2492"]
[BlackElo "2221"]
[PlyCount "127"]
[EventDate "2014.03.06"]

1. d4 Nf6 2. c4 e6 3. g3 d5 4. Bg2 dxc4 5. Nf3 a6 6. Ne5 Bb4+ 7. Nc3 Nd5 8. Bd2
b5 9. a4 Bb7 10. O-O Bxc3 11. bxc3 Nd7 12. axb5 axb5 13. Nxd7 Qxd7 14. e4 Nb6
15. Rxa8+ Bxa8 16. Qa1 O-O 17. Bf4 f5 18. f3 Na4 19. Rd1 Bb7 20. Qc1 h6 21. h4
Qf7 22. Qe3 Rd8 23. Rb1 c6 24. Kh2 Bc8 25. Bf1 Qa7 26. Be2 Kh7 27. g4 fxg4 28.
fxg4 c5 29. dxc5 Qxc5 30. Qxc5 Nxc5 31. Rxb5 Nxe4 32. Rb8 Nxc3 33. Bxc4 Nd5 34.
Bc1 Rg8 35. Bd3+ Kh8 36. Bb2 e5 37. Bxe5 Bxg4 38. Rb7 Bc8 39. Ra7 Nb6 40. Rf7
Be6 41. Re7 Bc4 42. Bg6 Nd5 43. Ra7 Ne3 44. Bd4 Nd5 45. Bf7 Rd8 46. Bxg7+ Kxg7
47. Bxd5+ Kf6 48. Bxc4 Rd4 49. Ra6+ Kg7 50. Be2 Rxh4+ 51. Kg3 Rd4 52. Bh5 Rb4
53. Rg6+ Kh7 54. Rf6 Rb5 55. Be2 Kg7 56. Rc6 Re5 57. Bc4 Re7 58. Kg4 Re5 59.
Kf4 Rg5 60. Bd3 Rg2 61. Ke5 Rf2 62. Rg6+ Kf8 63. Bc4 Rc2 64. Be6 1-0

[Event "1st  Behin Bazafarin Alborz Internationa"]
[Site "Tehran"]
[Date "2014.03.08"]
[Round "4.4"]
[White "Sharbaf, Mohsen"]
[Black "Tabatabaei, M.Amin"]
[Result "1/2-1/2"]
[WhiteElo "2434"]
[BlackElo "2203"]
[PlyCount "31"]
[EventDate "2014.03.06"]

1. e4 c5 2. Nf3 d6 3. d4 cxd4 4. Nxd4 Nf6 5. Nc3 g6 6. Be3 Bg7 7. f3 Nc6 8. Qd2
O-O 9. O-O-O d5 10. Kb1 Nxd4 11. e5 Nf5 12. exf6 Bxf6 13. Nxd5 Qxd5 14. Qxd5
Nxe3 15. Qd2 Nxd1 16. Qxd1 1/2-1/2

[Event "1st  Behin Bazafarin Alborz Internationa"]
[Site "Tehran"]
[Date "2014.03.08"]
[Round "4.5"]
[White "Moghaddamian, Afshin"]
[Black "Mahjoob, Morteza"]
[Result "1/2-1/2"]
[WhiteElo "2179"]
[BlackElo "2413"]
[PlyCount "58"]
[EventDate "2014.03.06"]

1. e4 c5 2. Nf3 Nc6 3. d4 cxd4 4. Nxd4 e6 5. Nb5 d6 6. Bf4 e5 7. Be3 Nf6 8. Bg5
a6 9. N5a3 b5 10. c4 b4 11. Nc2 Be7 12. Nd2 O-O 13. Be2 Nd7 14. Bxe7 Qxe7 15.
Ne3 Nc5 16. O-O Be6 17. Nd5 Bxd5 18. cxd5 Nd4 19. Nf3 Nxf3+ 20. Bxf3 f5 21. Re1
Qh4 22. Qc2 fxe4 23. Bxe4 Nxe4 24. Rxe4 Rac8 25. Qe2 Rxf2 26. Qe1 Rxg2+ 27.
Kxg2 Rc2+ 28. Re2 Qg4+ 29. Kf2 Qf4+ 1/2-1/2

[Event "1st  Behin Bazafarin Alborz Internationa"]
[Site "Tehran"]
[Date "2014.03.08"]
[Round "4.6"]
[White "Afshari, Mohammadreza"]
[Black "Noroozi, Omid"]
[Result "0-1"]
[WhiteElo "2076"]
[BlackElo "2382"]
[PlyCount "74"]
[EventDate "2014.03.06"]

1. d4 d5 2. c4 c6 3. Nc3 Nf6 4. Nf3 e6 5. Bg5 h6 6. Bxf6 Qxf6 7. Qc2 Nd7 8. e4
dxe4 9. Qxe4 Bb4 10. O-O-O Qe7 11. Qc2 O-O 12. h4 c5 13. g4 cxd4 14. Nxd4 Ne5
15. Be2 Ng6 16. g5 hxg5 17. hxg5 Qxg5+ 18. Kb1 Bxc3 19. Rh5 Qf6 20. Rdh1 Rd8
21. bxc3 e5 22. Nf5 Bxf5 23. Rxf5 Rd2 24. Rxf6 Rxc2 25. Kxc2 gxf6 26. Bf3 Rc8
27. Bxb7 Rxc4 28. Rd1 Rc7 29. Ba6 Kf8 30. c4 Nf4 31. Kb3 e4 32. Kb4 Nd3+ 33.
Kb5 Rc5+ 34. Ka4 Rf5 35. Rb1 Rxf2 36. a3 e3 37. Rb8+ Kg7 0-1

[Event "1st  Behin Bazafarin Alborz Internationa"]
[Site "Tehran"]
[Date "2014.03.08"]
[Round "4.7"]
[White "Ahmadinia, Ebrahim"]
[Black "Ettehadi, H."]
[Result "1-0"]
[WhiteElo "2373"]
[BlackElo "2191"]
[PlyCount "67"]
[EventDate "2014.03.06"]

1. e4 Nf6 2. e5 Nd5 3. d4 d6 4. c4 Nb6 5. exd6 exd6 6. Nc3 Be7 7. h3 Bf5 8. Nf3
O-O 9. Be2 Bg6 10. O-O Nc6 11. b3 Bf6 12. Be3 d5 13. c5 Nc8 14. Qd2 b6 15. Na4
bxc5 16. Nxc5 Nd6 17. Rac1 Nb8 18. Bf4 Nd7 19. Na6 Ne4 20. Qb2 c5 21. Nc7 cxd4
22. Nxd4 Rc8 23. Nxd5 Rxc1 24. Nxf6+ Qxf6 25. Bxc1 Rc8 26. Be3 Nb6 27. Qa3 h6
28. Qxa7 Ra8 29. Qb7 Rxa2 30. Bf3 Nd2 31. Bxd2 Rxd2 32. Nc6 Nd7 33. Re1 Bh5 34.
Qa8+ 1-0

[Event "1st  Behin Bazafarin Alborz Internationa"]
[Site "Tehran"]
[Date "2014.03.08"]
[Round "4.8"]
[White "Changaei, Amin"]
[Black "Khaghani, Babak"]
[Result "1/2-1/2"]
[WhiteElo "2069"]
[BlackElo "2344"]
[PlyCount "67"]
[EventDate "2014.03.06"]

1. d4 d5 2. c4 c6 3. Nf3 e6 4. e3 Nf6 5. Nc3 Nbd7 6. Bd3 Bd6 7. O-O O-O 8. e4
dxc4 9. Bxc4 e5 10. Bg5 Qe7 11. h3 Rd8 12. Qe2 exd4 13. Nxd4 Ne5 14. Bb3 h6 15.
Be3 Ng6 16. Bc2 Nf4 17. Qf3 Qe5 18. Bxf4 Qxf4 19. Qxf4 Bxf4 20. Rad1 Bc7 21.
Bb3 Bb6 22. Nf3 Be6 23. Bxe6 fxe6 24. e5 Nd5 25. Ne4 Kf8 26. Nd6 Rab8 27. Nd4
Ke7 28. Rfe1 Bc5 29. Re4 Rf8 30. Rg4 g5 31. Ne4 Bxd4 32. Rxd4 Rf5 33. h4 Nf4
34. Ra4 1/2-1/2

[Event "1st  Behin Bazafarin Alborz Internationa"]
[Site "Tehran"]
[Date "2014.03.08"]
[Round "4.9"]
[White "Ghorbani, Mohsen"]
[Black "Maleki, Amir"]
[Result "1-0"]
[WhiteElo "2300"]
[BlackElo "2113"]
[PlyCount "93"]
[EventDate "2014.03.06"]

1. d4 d5 2. Nf3 Nc6 3. c4 e5 4. cxd5 Qxd5 5. Nc3 Bb4 6. Bd2 Bxc3 7. Bxc3 e4 8.
Nd2 Nf6 9. e3 O-O 10. Be2 b5 11. a3 a5 12. Nf1 Be6 13. Ng3 b4 14. Bd2 bxa3 15.
bxa3 Qd6 16. Qc2 Bd5 17. O-O Rab8 18. Rfc1 Rb6 19. Qd1 Rfb8 20. Rc5 Nd7 21.
Bxa5 R6b7 22. Rxc6 Qxc6 23. Bb4 g6 24. Rc1 Qe6 25. Bf1 Nb6 26. Qc2 Ra7 27. Ne2
Bb3 28. Qc5 Qd5 29. Qe7 Qe6 30. Qc5 Qd5 31. Qe7 Qe6 32. Qc5 Qd5 33. Qc3 Na4 34.
Qd2 g5 35. Ng3 Rd8 36. Qe2 h6 37. Qg4 Re8 38. h4 Re6 39. Nf5 Kh7 40. hxg5 Rg6
41. Ne7 Qe6 42. Qh4 c5 43. Nxg6 Qxg6 44. dxc5 Bd5 45. Rd1 Be6 46. c6 Rc7 47.
Rd6 1-0

[Event "1st  Behin Bazafarin Alborz Internationa"]
[Site "Tehran"]
[Date "2014.03.08"]
[Round "4.10"]
[White "Khademi, Mohammad Miran"]
[Black "Asadi, Sadegh"]
[Result "1-0"]
[WhiteElo "2281"]
[BlackElo "2055"]
[PlyCount "57"]
[EventDate "2014.03.06"]

1. e4 c6 2. d4 d5 3. e5 c5 4. dxc5 e6 5. Be3 Nd7 6. Bb5 Qc7 7. Qd4 Ne7 8. Nc3
Nf5 9. Qf4 Nxe3 10. fxe3 Bxc5 11. Nf3 O-O 12. O-O-O Qb6 13. Nd4 Qc7 14. Nf3 Qb6
15. Qh4 Bxe3+ 16. Kb1 f6 17. Bd3 f5 18. g4 Nc5 19. gxf5 Nxd3 20. Rxd3 Bf2 21.
Qg4 Rxf5 22. h4 Bd7 23. Ne4 Bb5 24. Nf6+ Kf7 25. Nxd5 Qc5 26. Rd2 Be3 27. Nxe3
Qxe3 28. Ng5+ Ke7 29. Qb4+ 1-0

[Event "1st  Behin Bazafarin Alborz Internationa"]
[Site "Tehran"]
[Date "2014.03.08"]
[Round "4.11"]
[White "Kalantari, B."]
[Black "Asgari, Morteza"]
[Result "0-1"]
[WhiteElo "2061"]
[BlackElo "2279"]
[PlyCount "114"]
[EventDate "2014.03.06"]

1. e4 c5 2. Nf3 d6 3. d4 cxd4 4. Qxd4 e5 5. Bb5+ Nd7 6. Qd3 h6 7. c4 Ngf6 8.
Nc3 Be7 9. Bxd7+ Bxd7 10. Nd2 O-O 11. Nf1 a6 12. Ng3 b5 13. cxb5 axb5 14. Nxb5
d5 15. exd5 e4 16. Qe2 Qa5+ 17. Nc3 Nxd5 18. Bd2 Nxc3 19. Bxc3 Bb4 20. Bxb4
Qxb4+ 21. Qd2 Qb5 22. Ne2 Bg4 23. Nd4 Qb6 24. O-O Rfd8 25. Qf4 Rxd4 26. Qxg4
Qxb2 27. Rae1 Re8 28. Re2 Qb5 29. Re3 f5 30. Qf4 Red8 31. Rb3 Qd5 32. Rb8 Rxb8
33. Qxb8+ Kh7 34. Qb3 Qd7 35. g3 f4 36. gxf4 Rd3 37. Qc4 Qg4+ 38. Kh1 Qf3+ 39.
Kg1 Rd2 40. Qe6 Qxf4 41. h3 Rd6 42. Qb3 Rg6+ 43. Kh1 Qg5 44. Qg3 Qb5 45. Qxg6+
Kxg6 46. Re1 Kf5 47. Kg2 Qa5 48. Re2 Kf4 49. Re3 Qxa2 50. Rg3 g5 51. Rg4+ Kf5
52. Rg3 h5 53. Re3 Kf4 54. Rg3 Qe2 55. Rb3 Qd3 56. Rb8 Qf3+ 57. Kg1 Qxh3 0-1